| 000 | 00769nam a22002057a 4500 | ||
|---|---|---|---|
| 008 | 161006b xxu||||| |||| 00| 0 eng d | ||
| 020 | _a 0205372732 | ||
| 020 | _a9780205372737 | ||
| 050 |
_aLC 3981 _b.H35 2003 |
||
| 100 | _a Hallahan, Daniel P. | ||
| 245 |
_aCases for reflection and analysis : _bfor Exceptional learners : introduction to special education/ _cDaniel P. Hallahan and James M.Kauffman. |
||
| 250 | _a9th ed. | ||
| 260 |
_aBoston _bAllyn and Bacon, _c©2003. |
||
| 300 |
_av, 57p. : _c22cm. |
||
| 650 |
_aSpecial education _xUnited States. |
||
| 650 |
_aSpecial education _x United States _yCase studies. |
||
| 650 | _aSpecial education. | ||
| 700 | _a Kauffman, James M. | ||
| 942 |
_2lcc _cBOOKS _hLC 3981.H35 2003 |
||
| 999 |
_c14615 _d14615 |
||